Online
Catalog

The story of the discovery of the new world by Columbus / (Record no. 33480)

MARC details
000 -CABECERA
campo de control de longitud fija 00427nam a2200133 a 4500
001 - NÚMERO DE CONTROL
campo de control 000033989
005 - FECHA Y HORA DE LA ÚLTIMA TRANSACCIÓN
campo de control 20200930070700.0
008 - DATOS DE LONGITUD FIJA--INFORMACIÓN GENERAL
campo de control de longitud fija 110919s1892 fr 000 0 spa d
040 ## - FUENTE DE LA CATALOGACIÓN
Centro catalogador/agencia de origen DO-SdBNP
Lengua de catalogación spa
Centro/agencia transcriptor BNPHU
100 1# - ENTRADA PRINCIPAL--NOMBRE DE PERSONA
Nombre de persona Saunders, Frederick,
Fechas asociadas al nombre 1807-1902.
9 (RLIN) 59444
245 10 - MENCIÓN DE TÍTULO
Título The story of the discovery of the new world by Columbus /
Mención de responsabilidad, etc. Frederick Saunders.
260 ## - PUBLICACIÓN, DISTRIBUCIÓN, ETC.
Lugar de publicación, distribución, etc. London :
Nombre del editor, distribuidor, etc. Elliot Stock,
Fecha de publicación, distribución, etc. 1892.
300 ## - DESCRIPCIÓN FÍSICA
Extensión 145 p. ;
Dimensiones 23 cm.
Holdings
Estado de retiro Estado de pérdida Restricciones de uso No para préstamo Código de colección Localización permanente Ubicación/localización actual Ubicación en estantería Fecha de adquisición Número de inventario Total de préstamos Signatura topográfica completa Código de barras Fecha visto por última vez Precio válido a partir de Tipo de ítem Koha
      Excluido de préstamo Monografías: Libros y Folletos General General En catalogación 19.09.2011 LF1   33989-10 25.06.2020 25.06.2020 No se presta

Powered by Koha